000 01061nam a22003137a 4500
003 CHAP
005 20230831134215.0
008 080311d2005 es ab r 00110 spa d
010 _a94583
011 _a95555
020 _a8420010499
035 _a106182
040 _cCHAP
082 0 4 _a636.0896
_bQ85Y
100 1 _aQuinn, P. J.
_993338
245 1 0 _aMicrobiologĂ­a y enfermedades infecciosas veterinarias
_c/por P.J. Quinn [y otros]
260 _aZaragoza :
_bAcribia,
_c2005
300 _ax, 667 p. :
_bilus. ; cuadros ; diagramas
500 _aTrad. de: Microbiology and microbial disease
590 _aBATCH-UPD
_b10
_c20130110
_lUCH01
_h0533
590 _aBATCH-UPD
_b10
_c20130410
_lUCH01
_h0213
590 _aBATCH-UPD
_b10
_c20130914
_lUCH01
_h1312
590 _aCONVERSION
_b10
_c20130109
_lUCH01
_h1352
650 1 4 _aEnfermedades infecciosas en animales.
_936936
650 1 4 _aMicrobiologĂ­a veterinaria.
_975500
901 _aBK
942 _cLIBRO
949 _a636.0896 Q85Y
_bBC
_cLIBRO
_d33724002053090
_eLIBRO
_gI.c/e
_h109255
_i106182
_si
_t$1429.35
999 _c94583
_d94583